TV Shows Cut Off at 'N' Quiz Stats

 Plays Quiz Updated Jun 21, 2019

Score 0/24 Timer 06:00
13 Plays Today
Cut Off At 'N' TV Show % Correct
GREY'S ANATOMY
96.8%
THE BRADY BUNCH
96.7%
SIX FEET UNDER
96.5%
MALCOLM IN THE MIDDLE
95.9%
FRIENDS
94.8%
THE FRESH PRINCE OF BEL-AIR
94.8%
SOPRANOS
94.2%
THE BIG BANG THEORY
94.2%
CHARLIE'S ANGELS
93.8%
DAWSON'S CREEK
93%
HEY ARNOLD!
92.5%
GILLIGAN'S ISLAND
91.7%
Cut Off At 'N' TV Show % Correct
LITTLE HOUSE ON THE PRAIRIE
91.2%
THE GOLDEN GIRLS
90.8%
CURB YOUR E NTHUSIASM
89.2%
FREAKS AND GEEKS
86%
THE SIX MILLION DOLLAR MAN
83.7%
BROOKLYN NINE-NINE
81.2%
THE CAROL BURNETT SHOW
76.6%
PETTICOAT JUNCTION
73.7%
FATHER KNOWS BEST
73.6%
ROCKO'S MODERN LIFE
67.7%
HAVE GUN WILL TRAVEL
63.9%
McHALE'S NAVY
62.2%

You're not logged in!

Compare scores with friends on all Sporcle quizzes.
OR
Log In

Sporcle TV

Today on Sporcle TV


Watch our educational content, quiz creation guides, and fun videos on Sporcle TV.

Show Comments

Extras

Top Quizzes Today


Score Distribution

Your Account Isn't Verified!

In order to create a playlist on Sporcle, you need to verify the email address you used during registration. Go to your Sporcle Settings to finish the process.

Report this User

Report this user for behavior that violates our Community Guidelines.

Details: